Score 0/15 Timer 06:00
0 Plays Today
Question Answer % Correct
The name of Tyson's hippocampus???
75%
The battle trophy Percy got when he FIRST killed the Minotaur???
71.3%
Where Percy met Rachel Elizabeth Dare???
66.4%
The name of Thalia's shield???
66%
Grover's favourite food???
63.5%
Silena's last name :) (bhaaahahahaha... we always get this wrong)???
61.5%
His relationship to Gabe Ugliano???
59.4%
The word you have to say to get the winged shoes to fly???
55.7%
Question Answer % Correct
Annabeth's fatal flaw???
50.8%
The Greek name of Percy's sword???
48.4%
The part of his body that made Percy invulnerable ???
37.3%
The names of the two empousai???
36.9%
The floor Olympus is on at the Empire State building???
26.2%
The three sisters in Sea of Monsters???
24.2%
The monsters that attack camp half-blood in Sea of Monsters???
11.9%

You're not logged in!

Compare scores with friends on all Sporcle quizzes.
OR
Log In

Sporcle TV

Today on Sporcle TV


Watch our educational content, quiz creation guides, and fun videos on Sporcle TV.

Show Comments

Extras

Top Quizzes Today


Score Distribution

Paid Content

Your Account Isn't Verified!

In order to create a playlist on Sporcle, you need to verify the email address you used during registration. Go to your Sporcle Settings to finish the process.

Report this User

Report this user for behavior that violates our Community Guidelines.

Details: